Cidades mais populosas por Estado - Statistics

Estatísticas Gerais
  • Esse quiz foi jogado 333 vezes
  • A pontuação média é 46 de 81
Estatísticas das Respostas
Hint Resposta % Correto
Acre 1 Rio Branco
95%
Rio de Janeiro 1 Rio de Janeiro
94%
São Paulo 1 São Paulo
94%
Paraná 1 Curitiba
93%
Goiás 1 Goiânia
93%
Amazonas 1 Manaus
93%
Bahia 1 Salvador
93%
Minas Gerais 1 Belo Horizonte
92%
Pará 1 Belém
91%
Amapá 1 Macapá
91%
Rio Grande do Sul 1 Porto Alegre
91%
Maranhão 1 São Luís
91%
Mato Grosso 1 Cuiabá
90%
Ceará 1 Fortaleza
90%
Rio Grande do Norte 1 Natal
90%
Mato Grosso do Sul 1 Campo Grande
89%
2 Florianópolis
89%
Alagoas 1 Maceió
89%
Pernambuco 1 Recife
89%
Piauí 1 Teresina
89%
Paraíba 1 João Pessoa
88%
Rondônia 1 Porto Velho
86%
2 Campinas
85%
Sergipe 1 Aracaju
83%
Tocantins 1 Palmas
83%
Roraima 1 Boa Vista
82%
2 Uberlândia
79%
2 Londrina
78%
Santa Catarina 1 Joinville
77%
3 Maringá
73%
2 Feira de Santana
70%
3 Olinda
68%
2 Vila Velha
68%
2 Campina Grande
67%
2 Caxias do Sul
66%
3 Duque de Caxias
64%
2 São Gonçalo
64%
3 Blumenau
60%
2 Mossoró
59%
2 Aparecida de Goiânia
57%
3 Santarém
57%
3 Juazeiro do Norte
56%
Espírito Santo 1 Serra
56%
3 Anápolis
55%
3 Pelotas
55%
2 Jaboatão dos Guararapes
54%
2 Imperatriz
53%
3 Contagem
52%
2 Dourados
51%
3 São José dos Campos
50%
3 São José Ribamar
50%
3 Vitória da Conquista
50%
2 Ananindeua
49%
2 Arapiraca
49%
2 Cruzeiro do Sul
47%
2 Parintins
44%
3 Rondonópolis
42%
2 Ji-Paraná
41%
2 Parnaíba
34%
2 Várzea Grande
34%
3 Cariacica
33%
2 Caucaia
28%
3 Picos
28%
3 Parnamirim
27%
2 Santana
27%
2 Araguaína
24%
3 Lagarto
21%
3 Três Lagoas
21%
3 Ariquemes
19%
3 Gurupi
18%
2 Nossa Senhora do Socorro
18%
3 Brasília
17%
3 Santa Rita
16%
3 Itacoatiara
14%
3 Laranjal do Jari
12%
3 Rio Largo
12%
2 Rorainópolis
12%
3 Sena Madureira
12%
Distrito Federal 1 Ceilândia
9%
3 Caracaraí
8%
2 Taguatinga
7%
Nenhum quiz correspondente encontrado
Distribuição das Pontuações
Porcentagem de Pessoas com Cada Pontuação
Percentil de Números Respondidos
Sua Pontuação Histórica
Você não jogou esse quiz